| 000 | 00533nam a2200193Ia 4500 | ||
|---|---|---|---|
| 003 | SISC | ||
| 005 | 20181009091543.0 | ||
| 008 | 180918s9999 xx 000 0 und d | ||
| 020 | _a9781305653078 | ||
| 050 | _aHG 179 .R98 2017 | ||
| 100 | _aRyan, Joan | ||
| 245 |
_cJoan Ryan; Christie Ryan _aPersonal financial literacy |
||
| 260 |
_aUSA: _bCengage Learning _c2017 |
||
| 300 |
_a434 pages : _bcolored illustrations ; _c28 cm. |
||
| 500 | _aIncludes index | ||
| 650 | _aFinance, personal | ||
| 942 |
_2lcc _cBK |
||
| 999 |
_c358793 _d358793 |
||